| 000 | 00351nam a22001457a 4500 | ||
|---|---|---|---|
| 003 | OSt | ||
| 005 | 20160727222353.0 | ||
| 008 | 160622b xxu||||| |||| 00| 0 eng d | ||
| 040 | _cTest | ||
| 100 |
_9452 _aFernandez, R |
||
| 245 | _aThe Mystery Of Tank | ||
| 260 |
_aBombay _bDoughter Of St. Paul _c1986 |
||
| 300 | _aThe Mystery Of Tank | ||
| 942 |
_2ddc _cBK |
||
| 999 |
_c374 _d374 |
||